000 00594nam a2200205Ia 4500
005 20250508152005.0
008 008 250505s9999 xx 000 0 eng d
037 _aTextual
040 _aFEDL
_beng
_cFEDL
041 _aeng
_2eng
084 _a153.94, BIN
_qFEDL
100 _aBingham Walter Van Dyke
245 0 _aAptitudes and aptitude testing
260 _aNew York, USA
_bHarper and Brothers Publishers
_c1937
300 _axi,390p
365 _aINR
_b20
650 _aApptitude Tests; Psychology
_9760131
942 _cTEXL
_h153.94, BIN
999 _c1333420
_d1333420